| 000 | 00651nam a22001937a 4500 | ||
|---|---|---|---|
| 005 | 20100816110715.0 | ||
| 010 | _aENG-100486 | ||
| 020 |
_a9788190801560 _c80.00 |
||
| 035 | _aEN-84019 | ||
| 037 | _bDBAD/PUB | ||
| 082 | _a510 | ||
| 100 |
_aArimuthu, Johnson Sav S. _913769 |
||
| 245 |
_aNumerical methods / _cby S. Johnson Sav Arimuthu |
||
| 260 |
_aChidambram _bJayapriya Publications _c2008 |
||
| 270 |
_aNo.113, C-Kothangkudi Street _bChidambram _e608001 |
||
| 300 |
_a148p. _c20cm (pbk) |
||
| 942 |
_2ddc _cEN _h510 _mARI |
||
| 999 |
_c42075 _d42075 |
||